000 00584nam a2200253Ia 4500
005 20250425162120.0
008 250425s9999 xx 000 0 und d
020 _a84.48602137
041 _aspa
082 _a574.192
100 _aMATHEWS, CHRISTOPHER K.
245 0 _aBIOQUIMICA
250 _a1A ED.
260 _aS.L.
260 _aSin Pais
_bS.E.
300 _a1284
500 _aTítulo Traducido: BIOCHEMISTRY
650 _aACIDOS NUCLEICOS
650 _aBIOLOGIA MOLECULAR
650 _aBIOQUIMICA
650 _aPROTEINAS
942 _c01
010 _a50985
999 _c222620
_d222620